=LDR 00000nam 2200000 4500 =001 INLIS000000000017759 =005 20130612112958 =008 ***********************************Ind** =035 ##$$0010-061300000017759 =041 ##$$a Ind =082 ##$$a 530 =090 ##$$a 530, Sud-a =100 ##$$a Soedojo, Peter =245 ##$$a Azas-azas ilmu fisika jilid 4, Fisika modern, oleh Peter Soedojo =260 ##$$a 1998 $b Yogyakarta =300 ##$$a x, 337 hlm, ilus, 21 cm =650 ##$$a Fisika =850 ##$$a NBPNMAT =990 ##$$a 21196517/BPAP-NTB/2014 =990 ##$$a 0001/BPAP-NTB/20142014 =990 ##$$a 2090101545/BPAP-NTB/2015 =990 ##$$a 0001/BPAP-NTB/2015